| 000 | 00769nam a22002175i 4500 | ||
|---|---|---|---|
| 001 | 170538 | ||
| 003 | ES-MaACL | ||
| 005 | 20230906214407.0 | ||
| 008 | 090312s1925 ag |||| | spa d | ||
| 080 | _a821.134.2(899) Herrera, Ernesto 2.07 | ||
| 100 | 1 |
_aBonet, Carmelo M. _9139632 |
|
| 245 | 1 | 3 |
_aEl teatro de Ernesto Herrera / _cpor Carmelo M. Bonet. |
| 260 |
_aBuenos Aires : _bInstituto de Literatura Argentina, _c1925. |
||
| 300 |
_aP. [148]-167 ; _c23 cm. |
||
| 490 | 1 |
_aSección de crítica ; _vT.I, nº 7 |
|
| 600 | 1 | 4 |
_aHerrera, Ernesto. _963188 |
| 710 | 2 |
_aUniversidad de Buenos Aires. _bInstituto de Literatura Argentina. _9139614 |
|
| 830 | 0 |
_aSección de crítica ; _vT.I, nº 7 _9223042 |
|
| 852 |
_aES-MaACL _jC-8234(7) |
||
| 999 |
_c170538 _d170538 |
||